Countries of the World Quiz - Statistics

General Stats
  • This quiz has been taken 487 times
  • The average score is 129 of 196
Answers on the Map
Answers color-coded by a green-red scale on the quiz's map according to % correct below.
 
Answer Stats
Country % Correct
Canada
93%
United States
93%
Mexico
92%
China
90%
Russia
90%
United Kingdom
90%
Australia
89%
Brazil
89%
France
89%
Italy
89%
India
87%
Spain
87%
Chile
86%
Germany
86%
Iceland
86%
Sweden
86%
Denmark
85%
Finland
85%
Japan
85%
Poland
85%
Argentina
84%
Egypt
84%
Ireland
84%
Portugal
84%
South Africa
84%
Ukraine
84%
Greece
83%
Madagascar
83%
New Zealand
83%
South Korea
83%
Turkey
83%
Iran
82%
Mongolia
82%
North Korea
82%
Norway
82%
Peru
82%
Cuba
81%
Iraq
81%
Switzerland
81%
Colombia
80%
Morocco
80%
Pakistan
79%
Israel
78%
Kazakhstan
78%
Netherlands
78%
Democratic Republic of the Congo
77%
Niger
77%
Saudi Arabia
77%
Thailand
77%
Belgium
76%
Indonesia
76%
Vietnam
76%
Algeria
75%
Austria
75%
Chad
75%
Panama
75%
Paraguay
75%
Venezuela
75%
Albania
74%
Bolivia
74%
Estonia
74%
Hungary
74%
Jamaica
74%
Nepal
74%
Nigeria
74%
Romania
74%
United Arab Emirates
74%
Uruguay
74%
Afghanistan
73%
Lithuania
73%
Philippines
73%
Sudan
73%
Yemen
73%
Belarus
72%
Latvia
72%
Somalia
72%
Croatia
71%
Dominican Republic
71%
Oman
71%
Czech Republic
70%
Haiti
70%
Republic of the Congo
70%
Slovakia
70%
Sri Lanka
70%
Vatican City
70%
Bulgaria
69%
Ecuador
69%
Ethiopia
69%
Papua New Guinea
69%
Libya
68%
South Sudan
68%
Taiwan
68%
Andorra
67%
Bangladesh
67%
Bosnia and Herzegovina
67%
Cyprus
67%
Dominica
67%
Kenya
67%
North Macedonia
67%
Jordan
66%
Malaysia
66%
Serbia
66%
Uzbekistan
66%
Georgia
65%
Laos
65%
Luxembourg
65%
Slovenia
65%
Syria
65%
Turkmenistan
65%
Cambodia
64%
Fiji
64%
Zimbabwe
64%
Bahamas
63%
Ghana
63%
Qatar
63%
Armenia
62%
Mali
62%
Tunisia
62%
Central African Republic
61%
Costa Rica
61%
Lebanon
61%
Monaco
61%
Tajikistan
61%
Angola
60%
Guatemala
60%
Guyana
60%
Honduras
60%
Malta
60%
Azerbaijan
59%
Belize
59%
Togo
59%
Guinea
58%
Moldova
58%
Myanmar
58%
Singapore
58%
Uganda
58%
El Salvador
57%
Kosovo
57%
Kyrgyzstan
57%
Liechtenstein
57%
Suriname
57%
Zambia
57%
Ivory Coast
56%
Lesotho
56%
Montenegro
56%
Botswana
55%
Barbados
54%
Liberia
54%
Nicaragua
54%
Senegal
54%
Tanzania
54%
Bhutan
53%
Kuwait
53%
Rwanda
53%
Benin
52%
Eritrea
52%
Maldives
52%
Namibia
52%
San Marino
52%
Djibouti
51%
Eswatini
51%
Seychelles
51%
Cameroon
50%
Mauritania
50%
Mozambique
50%
Bahrain
49%
Federated States of Micronesia
48%
Cape Verde
47%
Equatorial Guinea
47%
Mauritius
47%
Trinidad and Tobago
47%
Gabon
46%
Saint Lucia
46%
Burkina Faso
45%
East Timor
45%
Malawi
45%
Saint Kitts and Nevis
45%
Samoa
45%
Gambia
44%
Guinea-Bissau
44%
Marshall Islands
44%
Solomon Islands
44%
Tonga
44%
Antigua and Barbuda
43%
Burundi
43%
Comoros
42%
Kiribati
42%
Saint Vincent and the Grenadines
42%
Tuvalu
41%
Palau
40%
Sierra Leone
40%
Brunei
39%
Nauru
38%
São Tomé and Príncipe
38%
Vanuatu
38%
Grenada
36%
No matching quizzes found
Score Distribution
Percent of People with Each Score
Percentile by Number Answered
Your Score History
You have not taken this quiz